000 01005nam a22002417a 4500
001 BD-DhSAU 7469
003 BD-DhSAU
005 20240319143755.0
008 150422b2006 bg ||||| m||m 00| 0 eng d
040 _aBD-DhSAU
082 _222
_a631.4
_bR1293
100 _aRAHMAN, MD. ABDUR
_eRegistration No. # 15-06742
245 _aGrowth and yield performance of mungbean varieties under waterlogging condition /
_bMS thesis
260 _aSher-e- Bangla Agricultural University:
_bDepartment of Soil Science,
_c2022.
300 _aviii, 62p.:
_b30 cm.
500 _aMS thesis of Department of Soil Science , Faculty of Agriculture, Sher-e-Bangla Agricultural University, Dhaka, Bangladesh
590 _aNamul
650 _amungbean varieties under waterlogging condition
700 _aProf. Mst. Afrose Jahan
_eSuperviser
700 _aProf. Dr. Alok Kumar Paul
_eCo-Superviser
856 _uhttp://archive.saulibrary.edu.bd:8080/xmlui/handle/123456789/5147
942 _2ddc
_cTHESIS
999 _c17430
_d17429